Métodos de investigación en las relaciones sociales (Record no. 38920)

MARC details
000 -CABECERA
campo de control de longitud fija 01168nam a2200337 a 4500
003 - IDENTIFICADOR DEL NÚMERO DE CONTROL
campo de control MX-MxUPN
005 - FECHA Y HORA DE LA ÚLTIMA TRANSACCIÓN
campo de control 20241017114634.0
008 - ELEMENTOS DE LONGITUD FIJA--INFORMACIÓN GENERAL
campo de control de longitud fija 991125q1976 sp gr 000 0 spa d
020 ## - NÚMERO INTERNACIONAL NORMALIZADO PARA LIBROS
Número Internacional Estándar del Libro 8432113190
035 ## - NÚMERO DE CONTROL DEL SISTEMA
Número de control de sistema UPN01000038920
040 ## - FUENTE DE LA CATALOGACIÓN
Centro catalogador/agencia de origen MX-MxUPN
Lengua de catalogación spa
Centro/agencia transcriptor MX-MxUPN
041 ## - CÓDIGO DE IDIOMA
Código de lengua del texto/banda sonora o título independiente spa
Código de lengua original eng
050 #4 - SIGNATURA TOPOGRÁFICA DE LA BIBLIOTECA DEL CONGRESO
Número de clasificación H62
Número de documento/Ítem R458 1976
100 1# - ASIENTO PRINCIPAL--NOMBRE PERSONAL
9 (RLIN) 54185
Nombre de persona Selltiz, Claire
100 1# - ASIENTO PRINCIPAL--NOMBRE PERSONAL
9 (RLIN) 54186
Nombre de persona Jahoda, Marie
100 1# - ASIENTO PRINCIPAL--NOMBRE PERSONAL
9 (RLIN) 36412
Nombre de persona Deutsch, Morton,
Fechas asociadas al nombre 1920-
100 1# - ASIENTO PRINCIPAL--NOMBRE PERSONAL
9 (RLIN) 54187
Nombre de persona Cook, S. W.
240 10 - TÍTULO UNIFORME
Título uniforme Research methods in social relations.
Lenguaje de la obra Español
245 10 - MENCIÓN DE TÍTULO
Título Métodos de investigación en las relaciones sociales
250 ## - MENCIÓN DE EDICIÓN
Mención de edición Octava edición
260 ## - PUBLICACIÓN, DISTRIBUCIÓN, ETC.
Lugar de publicación, distribución, etc. Madrid :
Nombre del editor, distribuidor, etc. Ediciones Rialp,
Fecha de publicación, distribución, etc. 1976.
300 ## - DESCRIPCIÓN FÍSICA
Extensión 670 páginas
490 0# - MENCIÓN DE SERIE
Mención de serie Biblioteca de educación y ciencias sociales. Técnicas y estudios experimentales ;
Designación de volumen o secuencia 6
504 ## - NOTA DE BIBLIOGRAFÍA, ETC.
Nota de bibliografía, etc. Incluye bibliografía.
650 #4 - ASIENTO SECUNDARIO DE MATERIA - TERMINO TEMATICO
Término de materia o nombre geográfico como elemento de entrada Ciencias sociales
Subdivisión general Investigación
9 (RLIN) 7497
700 1# - ASIENTO SECUNDARIO--NOMBRE DE PERSONAL
Nombre de persona Rico Vercher, Manuel,
Término indicativo de función/relación traducción
9 (RLIN) 54184
Fechas asociadas al nombre 1931-
710 2# - ASIENTO SECUNDARIO - NOMBRE CORPORATIVO
9 (RLIN) 28086
Nombre de entidad corporativa o nombre de jurisdicción como elemento de entrada Instituto Nacional de Investigación Educativa (México)
Término indicativo de función/relación propietario anterior
902 ## - ELEMENTOS DE DATOS B LOCAL, LDB (RLIN)
Modificó MaríaRobles/171024
905 ## - TIPO DE MATERIAL
Tipo de material Libro
942 ## - ELEMENTOS DE PUNTO DE ACCESO ADICIONAL (KOHA)
Fuente del sistema de clasificación o colocación Library of Congress Classification
Tipo de ítem Koha Libro
Suprimir en OPAC No
Holdings
Estado de retiro Estado de pérdida Fuente del sistema de clasificación o colocación Estado dañado No para préstamo Código de colección Localización permanente Ubicación/localización actual Ubicación en estantería Total de préstamos Clasificación Código de barras Fecha visto por última vez Número de copia Tipo de ítem Koha Fecha de adquisición Nota pública Fecha del último préstamo Restricciones de uso
    Library of Congress Classification     Colección General Bib. Gregorio Torres Quintero Bib. Gregorio Torres Quintero Planta baja   H62 R4.58 1976 9577 31/12/2020 1 Libro        
    Library of Congress Classification   Disponible (Previa cita) Fondo Reservado de libros Bib. Gregorio Torres Quintero Bib. Gregorio Torres Quintero Sala de Fondos Reservados Planta alta 43 H62 R458 1976 2374 31/12/2020 Ej. 2 Libro 17/10/2024 Ejemplar con sello del Insituto Nacional de Investigacion Educativa.    
    Library of Congress Classification     Colección General Bib. Gregorio Torres Quintero Bib. Gregorio Torres Quintero Planta baja 31 H62 R4.58 1976 8400 02/03/2026 1 Libro     27/02/2026  
    Library of Congress Classification     Bibliografía básica Bib. Gregorio Torres Quintero Bib. Gregorio Torres Quintero Colecciones especiales Planta alta 23 H62 R4.58 1976 8399 31/12/2020 1 Libro por horas 30/01/2023     Préstamo por horas